Land reform, land settlement and cooperatives. (Record no. 101527)

MARC details
000 -LEADER
fixed length control field 01642cam a2200373 4500
008 - FIXED-LENGTH DATA ELEMENTS--GENERAL INFORMATION
fixed length control field 000000n2001 000 0 eng u
020 ## - INTERNATIONAL STANDARD BOOK NUMBER
International Standard Book Number 0119867885
022 ## - INTERNATIONAL STANDARD SERIAL NUMBER
International Standard Serial Number 02511894
035 ## - SYSTEM CONTROL NUMBER
System control number (Sirsi) u113519
041 ## - LANGUAGE CODE
Language code of text/sound track or separate title MUL
050 ## - LIBRARY OF CONGRESS CALL NUMBER
Classification number 333.31
110 ## - MAIN ENTRY--CORPORATE NAME
Corporate name or jurisdiction name as entry element Food and Agriculture Organization of the United Nations
245 ## - TITLE STATEMENT
Title Land reform, land settlement and cooperatives.
260 ## - PUBLICATION, DISTRIBUTION, ETC.
Place of publication, distribution, etc. London
Name of publisher, distributor, etc. Stationery Office
Date of publication, distribution, etc. 2001
350 ## - PRICE (NR) (BK AM CF MU VM SE) [OBSOLETE]
Price 15.75
505 ## - FORMATTED CONTENTS NOTE
Formatted contents note Defining the peri-urban: rural-urban linkages and institutional connections D.L. Iaquinta and A.W. Drescher
505 ## - FORMATTED CONTENTS NOTE
Formatted contents note Common property regimes : origins and implications of te theoretical debate N. Forni
505 ## - FORMATTED CONTENTS NOTE
Formatted contents note Land law reform in Mozambique: acquired values and needs for consolidation P. De Wit
505 ## - FORMATTED CONTENTS NOTE
Formatted contents note Delimitation of community lands in Mozambique : Participatory training process S Madureira
505 ## - FORMATTED CONTENTS NOTE
Formatted contents note Rights of ownership, land markets and rural credit J. Molina
505 ## - FORMATTED CONTENTS NOTE
Formatted contents note Getting in steppe : the evolution of participatory institutions for rangeland management in the Syrian Arab Republic. J Rae
505 ## - FORMATTED CONTENTS NOTE
Formatted contents note The evolution of land tenure in Egypt : from the reform of Mehemet Ali to the land refrom laws of Gamal Abd El-Nasser. L. Roudart
505 ## - FORMATTED CONTENTS NOTE
Formatted contents note Indigenous highlands in transition : the case of Ha Giang province in northern Viet Nam.
520 ## - SUMMARY, ETC.
Summary, etc. Essays on land reform and issues on land tenure.
650 ## - SUBJECT ADDED ENTRY--TOPICAL TERM
Topical term or geographic name entry element LAND REFORM
650 ## - SUBJECT ADDED ENTRY--TOPICAL TERM
Topical term or geographic name entry element INTERNATIONAL
650 ## - SUBJECT ADDED ENTRY--TOPICAL TERM
Topical term or geographic name entry element MOZAMBIQUE
650 ## - SUBJECT ADDED ENTRY--TOPICAL TERM
Topical term or geographic name entry element SYRIA
650 ## - SUBJECT ADDED ENTRY--TOPICAL TERM
Topical term or geographic name entry element MIDDLE EAST
650 ## - SUBJECT ADDED ENTRY--TOPICAL TERM
Topical term or geographic name entry element EGYPT
650 ## - SUBJECT ADDED ENTRY--TOPICAL TERM
Topical term or geographic name entry element LAND MANAGEMENT
690 ## - LOCAL SUBJECT ADDED ENTRY--TOPICAL TERM (OCLC, RLIN)
Topical term or geographic name as entry element PROPERTY
942 ## - ADDED ENTRY ELEMENTS (KOHA)
Suppress in OPAC 0
Holdings
Withdrawn status Lost status Source of classification or shelving scheme Damaged status Not for loan Home library Current library Shelving location Date acquired Cost, normal purchase price Total Checkouts Full call number Barcode Date last seen Date last checked out Copy number Cost, replacement price Price effective from Koha item type
    Dewey Decimal Classification     London London Folio 24/07/2001 13.39 2 F333.31 FOO 30064704 06/08/2019 17/10/2001 1 13.39 06/08/2019 Book